Szczegóły MARC21

Die Walser-Bubis-Debatte : eine Dokumentation /

003 -Nazwa inst., której nr kontr. jest w polu 001 [,]
    • @
    • Nazwa instytucji, której n kontrolny jest w polu 001
    • NUKAT
005 -DATA I CZAS OSTATNIEJ MODYFIKACJI [,]
    • @
    • pole kontrolne
    • 20241231115224.0
020 -Międzynarod. znormalizowany nr książki - ISBN [ , ]
    • a
    • Numer ISBN
    • 3518410733 Find
040 -Instytucja sporządzająca opis [ , ]
    • a
    • Instytucja, która sporządziła opis (NP)
    • KAT U/46MM
    • c
    • Instytucja, która sporządziła rekord (NP)
    • KAT U/46MMs
    • d
    • Instytucja, która zmodyfikowała rekord (P)
    • KAT U/46MM
942 -Rodzaj dokumentu [ , ]
    • c
    • Rodzaj dokumentu
    • Książka
245 -Strefa tytułu i oznaczenia odpowiedzialności [0,4]
    • a
    • Tytuł
    • Die Walser-Bubis-Debatte : Find
    • b
    • Ciąg dalszy tytułu (NP)
    • eine Dokumentation / Find
    • c
    • Pozostałe elementy strefy tytułu i oznaczenia odpowiedzialności (NP)
    • hrsg. von Frank Schirrmacher.
260 -Strefa adresu wydawniczego [ , ]
    • a
    • Miejsce wydania (P)
    • Frankfurt am Main :
    • b
    • Nazwa wydawcy (P)
    • Suhrkamp Verlag,
    • c
    • Data wydania (P)
    • 1999.
300 -Strefa opisu fizycznego [ , ]
    • a
    • Określenie formy książki i/lub objętość (NP)
    • 682, [6] s. ;
    • c
    • Format (NP)
    • 21 cm.
336 -Typ zawartości [ , ]
    • a
    • Termin opisujący typ zawartości
    • Tekst
    • b
    • Kod określający zawartość
    • txt
    • 2
    • Źródło (terminu i kodu)
    • rdacontent
337 -Typ mediów [ , ]
    • a
    • Tryb odtwarzania
    • Bez urządzenia pośredniczącego
    • b
    • Kod typu mediów
    • n
    • 2
    • Źródło (terminu i kodu)
    • rdamedia
338 -Typ/rodzaj nośnika [ , ]
    • a
    • Hasło opisujące typ nośnika
    • Wolumin
    • b
    • Kod typu nośnika
    • nc
    • 2
    • Źródło (terminu i kodu)
    • rdacarrier
080 -Uniwersalna Klasyfikacja Dziesiętna [ , ]
    • a
    • Symbol klasyfikacji
    • 830(091)-92"199"
080 -Uniwersalna Klasyfikacja Dziesiętna [ , ]
    • a
    • Symbol klasyfikacji
    • :[316.356.4(430)"1945/..."=30
080 -Uniwersalna Klasyfikacja Dziesiętna [ , ]
    • a
    • Symbol klasyfikacji
    • :316.64(430)"1945/..."=30
600 -Hasło przedmiotowe w formie nazwy osobowej [1,7]
    • a
    • Nazwa osobowa
    • Walser, Martin
    • d
    • Daty związane z nazwą
    • (1927-2023)
    • x
    • Określnik rzeczowy
    • myśl polityczna i społeczna.
    • 2
    • Źródło terminu
    • kaba
    • 9
    • KHW
    • 477700
600 -Hasło przedmiotowe w formie nazwy osobowej [1,7]
    • a
    • Nazwa osobowa
    • Bubis, Ignatz
    • d
    • Daty związane z nazwą
    • (1927-1999).
    • 2
    • Źródło terminu
    • kaba
    • 9
    • KHW
    • 260648
650 -Hasło przedmiotowe [ ,7]
    • a
    • Hasło przedmiotowe
    • Wina zbiorowa
    • z
    • Określnik geograficzny
    • Niemcy.
    • 2
    • Źródło terminu
    • kaba
    • 9
    • KHW
    • 604299
650 -Hasło przedmiotowe [ ,7]
    • a
    • Hasło przedmiotowe
    • Żydzi
    • z
    • Określnik geograficzny
    • Niemcy
    • y
    • Określnik chronologiczny
    • 1933-1945.
    • 2
    • Źródło terminu
    • kaba
    • 9
    • KHW
    • 141089
650 -Hasło przedmiotowe [ ,7]
    • a
    • Hasło przedmiotowe
    • Żydzi
    • x
    • Określnik rzeczowy
    • prześladowania
    • z
    • Określnik geograficzny
    • Niemcy
    • y
    • Określnik chronologiczny
    • 20 w.
    • 2
    • Źródło terminu
    • kaba
    • 9
    • KHW
    • 557936
650 -Hasło przedmiotowe [ ,7]
    • a
    • Hasło przedmiotowe
    • Antysemityzm
    • z
    • Określnik geograficzny
    • Niemcy
    • y
    • Określnik chronologiczny
    • 20 w.
    • 2
    • Źródło terminu
    • kaba
    • 9
    • KHW
    • 632646
650 -Hasło przedmiotowe [ ,7]
    • a
    • Hasło przedmiotowe
    • Holocaust.
    • 2
    • Źródło terminu
    • kaba
    • 9
    • KHW
    • 141044
650 -Hasło przedmiotowe [ ,7]
    • a
    • Hasło przedmiotowe
    • Żydzi
    • z
    • Określnik geograficzny
    • Niemcy
    • y
    • Określnik chronologiczny
    • 1945-1990.
    • 2
    • Źródło terminu
    • kaba
    • 9
    • KHW
    • 632645
980 -Symbol UKD [ , ]
    • a
    • UKD
    • 830(091)-92"199":[316.356.4:316.64](430)"1945/..."=30
700 -Hasło dodatkowe - nazwa osobowa [1, ]
    • a
    • Nazwa osobowa (NP)
    • Schirrmacher, Frank Find
    • d
    • Daty biograficzne (NP)
    • (1959-2014).
    • e
    • Określenie rodzaju współpracy
    • Red.
    • 9
    • KHW
    • 632515
920 -ISBN [ , ]
    • a
    • ISBN
    • 3-518-41073-3 Find
Sygnatura Data inwentaryzacji Lokalizacja Status udost. Numer inwentarzowy
Germ. Literaturozn.-M. Walser 022001-05-15BM-3G.15648